El lenguaje del arte; psicología y sociología del arte /

Guardado en:
Autor Principal: Kogan, Jacobo
Formato: Libro
Publicado: Argentina : Paidós, 1965
Etiquetas: Agregar Etiqueta
Sin Etiquetas, Sea el primero en etiquetar este registro!
LEADER 00415nam a22001455a 4500
001 CEM.cems003604
005 19000101000000.0
008 130507s1965##################000#0#####d
003 CEMS
082 0 4 |a 101 
100 1 |a Kogan, Jacobo 
245 1 0 |a El lenguaje del arte; psicología y sociología del arte / 
260 |a Argentina :  |b Paidós,  |c 1965 
300 |a 220 p. 
859 |a CEMS  |b BIB. CEMS - 11 de abril  |h 101  |i K822  |p 278.73  |t Ej.1